000 00655nam a2200193 4500
001 85229
003 BD-RjUL
005 20250717115355.0
008 250717s1990 bg ||||| |||| 00| 0 ben d
035 _a(BD-RjUL)85229
040 _aBD-RjUL
_beng
_cBD-RjUL
041 _aurd
082 _223
_a891.4391509
_bSAB 1990
245 _aبنگال میں غالب شناسى / Bangāl men̲ G̲h̲ālib shināsī /
_c:کلیم سہسرامى، -;; Kalīm Sahasrāmī.
260 _aDhaka :
_bBaraqi arat press,
_c1990
300 _a94 p. ;
_c22 cm
600 _aGhalib, Mirza Asadullah Khan,
_cCriticism and interpretation
_d 1797-1869
_916080
942 _2ddc
_cBK
999 _c85229
_d85229